Foreign Exchange Risk. (Record no. 2262)

MARC details
005 - DATE AND TIME OF LATEST TRANSACTION
control field 20250514141322.0
020 ## - INTERNATIONAL STANDARD BOOK NUMBER
International Standard Book Number 0 471 01653 5
082 ## - DEWEY DECIMAL CLASSIFICATION NUMBER
Classification number LECT 332.6 PRI
100 ## - MAIN ENTRY--PERSONAL NAME
Author name PRINDL, A. R.
245 ## - TITLE STATEMENT
Title Foreign Exchange Risk.
260 ## - PUBLICATION, DISTRIBUTION, ETC.
Place of publication, distribution, etc. London,
Name of publisher, distributor, etc. John Wiley & Sons,
Date of publication, distribution, etc. 1976.
300 ## - PHYSICAL DESCRIPTION
Extent viii, 169p.: ill.; figure, table.
Other physical details Bibliography & index.
Dimensions 23cm.
942 ## - ADDED ENTRY ELEMENTS (KOHA)
Source of classification or shelving scheme Dewey Decimal Classification
Koha item type Books
Holdings
Date last seen Total checkouts Full call number Barcode Cost, replacement price Price effective from Koha item type Lost status Source of classification or shelving scheme Damaged status Not for loan Withdrawn status Home library Current library Shelving location Date acquired Cost, normal purchase price
05/14/2025   LECT 332.6 PRI 0000008694 30000.00 05/14/2025 Books   Dewey Decimal Classification       College of Business Education Main Library College of Business Education Main Library General Collection 05/09/1977 10000.00